San Agustin: estudios y coloquios
| Contributors: | |
|---|---|
| Format: | Print Book |
| Language: | Spanish |
| Subito Delivery Service: | Order now. |
| Check availability: | HBZ Gateway |
| WorldCat: | WorldCat |
| Interlibrary Loan: | Interlibrary Loan for the Fachinformationsdienste (Specialized Information Services in Germany) |
| Published: |
Zaragoza
Inst. "Fernando el Católico"
1960
|
| In: | Year: 1960 |
| Series/Journal: | Publicación n. 253 de la Institución "Fernando el Católico
|
| Standardized Subjects / Keyword chains: | B
Augustinus, Aurelius, Saint 354-430
|
| Further subjects: | B
Augustine / Conference papers and proceedings / Congresses
|
| Online Access: |
Table of Contents |
MARC
| LEADER | 00000cam a22000002c 4500 | ||
|---|---|---|---|
| 001 | 1181678331 | ||
| 003 | DE-627 | ||
| 005 | 20251225182520.0 | ||
| 007 | tu | ||
| 008 | 040602s1960 xx ||||| 00| ||spa c | ||
| 035 | |a (DE-627)1181678331 | ||
| 035 | |a (DE-576)111678331 | ||
| 035 | |a (DE-599)BSZ111678331 | ||
| 035 | |a (OCoLC)1541898097 | ||
| 035 | |a (OCoLC)15184140 | ||
| 040 | |a DE-627 |b ger |c DE-627 |e rda | ||
| 041 | |a spa | ||
| 082 | 0 | |a 199.99 | |
| 084 | |a 1 |2 ssgn | ||
| 245 | 0 | 0 | |a San Agustin |b estudios y coloquios |c por Eugenio Frutos Cortés, Michele Federico Scciaca, Adolfo Muñoz Alonso, Joaquín Carreras Artau, Eugenio González González, Manuel Mindán, Constantino Láscaris, Gustavo Bueno, Lope Cilleruelo |
| 264 | 1 | |a Zaragoza |b Inst. "Fernando el Católico" |c 1960 | |
| 300 | |a 221 S. | ||
| 336 | |a Text |b txt |2 rdacontent | ||
| 337 | |a ohne Hilfsmittel zu benutzen |b n |2 rdamedia | ||
| 338 | |a Band |b nc |2 rdacarrier | ||
| 490 | 0 | |a Publicación n. 253 de la Institución "Fernando el Católico | |
| 500 | |a Articles in Spanish and Italian. - "Actas de los coloquios convocados por la Institucion "Fernando el Catolico" para conmemorar el XVI centenario de San Agustin"--Page [2]. - Includes bibliographical references | ||
| 583 | 1 | |a Archivierung prüfen |c 20200919 |f DE-640 |z 1 |2 pdager | |
| 583 | 1 | |a Archivierung/Langzeitarchivierung gewährleistet |f SSG |x XA-DE-BW |2 pdager |5 DE-21 | |
| 650 | 0 | |a Augustine / Congresses / Augustine / Conference papers and proceedings | |
| 689 | 0 | 0 | |d p |0 (DE-588)118505114 |0 (DE-627)133773795 |0 (DE-576)160124182 |2 gnd |a Augustinus, Aurelius |c Heiliger |d 354-430 |
| 689 | 0 | |5 (DE-627) | |
| 700 | 1 | |0 (DE-588)118961179 |0 (DE-627)035235594 |0 (DE-576)210525517 |4 oth |a Frutos Cortés, Eugenio |d 1903-1979 | |
| 856 | 4 | 2 | |u https://swbplus.bsz-bw.de/bsz111678331inh.htm |m B:DE-576;DE-21 |q application/pdf |v 20170227132803 |x Verlag |3 Inhaltsverzeichnis |7 1 |
| 935 | |a AUGU | ||
| 951 | |a BO | ||
| ACO | |a 1 | ||
| ELC | |b 1 | ||
| ITA | |a 1 |t 1 | ||
| LOK | |0 000 xxxxxcx a22 zn 4500 | ||
| LOK | |0 001 244301780X | ||
| LOK | |0 003 DE-627 | ||
| LOK | |0 004 1181678331 | ||
| LOK | |0 005 20040602000000 | ||
| LOK | |0 008 040602||||||||||||||||ger||||||| | ||
| LOK | |0 040 |a DE-21 |c DE-627 |d DE-21 | ||
| LOK | |0 852 |a DE-21 | ||
| LOK | |0 852 1 |c 1 A 4209 |9 00 | ||
| LOK | |0 935 |a konv | ||
| LOK | |0 939 |a 2004-06-02 |b l01 | ||
| LOK | |0 000 xxxxxcx a22 zn 4500 | ||
| LOK | |0 001 4232097678 | ||
| LOK | |0 003 DE-627 | ||
| LOK | |0 004 1181678331 | ||
| LOK | |0 005 20221215135628 | ||
| LOK | |0 008 221215||||||||||||||||ger||||||| | ||
| LOK | |0 035 |a (DE-Tue135-4)zaf-37974 | ||
| LOK | |0 040 |a DE-Tue135-4 |c DE-627 |d DE-Tue135-4 | ||
| LOK | |0 092 |o n | ||
| LOK | |0 852 |a DE-Tue135-4 | ||
| LOK | |0 852 1 |9 00 | ||
| LOK | |0 935 |a wumi | ||
| LOK | |0 939 |a 2022-12-15 |b l01 | ||
| ORI | |a TA-MARC-ixtheob001.raw | ||
| REL | |a 1 | ||
| SPR | |a 1 |t IXT | ||
| SUB | |a REL | ||
| SYG | 0 | 0 | |a Augustinus, Aurelius,354-430,Augustinus,Hippo, Bischof, Heiliger,354-430,Augustinus,Hippo Regius, Bischof, Heiliger,354-430,Augustinus,Hippon, Bischof, Heiliger,354-430,Augustine,of Hippo,354-430,Ôgostinos,354-430,Avgustin, Avrelij,354-430,Sant'Agostino,354-430,Agustin,de Hipona,354-430,Ágoston,Szent,354-430,Hippone, Augustin d',354-430,Heiliger Augustinus,354-430,Augustinus,Hyppon, Bischof,354-430,Augustinus,Heiliger,354-430,Aurelius,Augustinus,354-430,Augustinus,Hipponensis,354-430,Augustin,z Hippo,354-430,Augustin,Kirchenvater,354-430,Augustine,Saint,354-430,Augustinus,Episcopus,354-430,Augustinus,Kirchenschriftsteller,354-430,Augustinus,Christian Writer,354-430,Agostino,Santo,354-430,Augustin,San,354-430,Agustin,San,354-430,Augustine,St.,354-430,Augostino,San,354-430,Agostino,San,354-430,Augustinus,Sankt,354-430,Augustijn,Sinte,354-430,Pseudo-Aurelius-Augustinus,354-430,Augustin, Sfîntul,354-430,Augustinos,Hieros,354-430,Aurelius Augustinus,354-430,Augustinus,von Hippo,354-430,Augustinus,von Thagaste,354-430,Augustin,Saint,354-430,Augustin,354-430,Augustinus,Sanctus,354-430,Augustinus, S. Aurelius,354-430,Augustus, Aurelius,354-430,Agostino,d'Ippona,354-430,Augustine,354-430,Augustin,d'Hippone,354-430,Augustine,d'Hippone,354-430,Aurelius Augustinus,Hipponensis,354-430,Pseudo-Augustinus,354-430,Augustinus,354-430,Agostino,354-430,Agustin,354-430,Szent Ágoston,354-430,Pseudo-Agostino,354-430,Augustine, Aurelius,354-430,Agostino, Aurelio,354-430,Saint Augustine,354-430,Augustin,Heiliger,354-430,San Augustín,354-430,San Agustín,354-430,Saint Augustin,354-430,Augustine,Saint, Bishop of Hippo,354-430,St. Augustine,354-430,Sancti Aurelii Augustini,354-430,Auġusṭīn,354-430,Aurelius Augustinus,Sanctus,354-430,Augustinus, Aurel,354-430,Augustýn,354-430,Augustinus,Divus,354-430,Augustinus,Beatus,354-430,Augustin,Sankt,354-430,Augustine, St.,354-430,Augustijus,354-430,Aġusṭīnūs,354-430,Augustyn,Świe̜ty,354-430,Avgustinvs, Avrelivs,354-430,Ôgûsṭînûs,354-430,Agostino,di Ippona,354-430,Agostinho, Santo,354-430,Agustín, San,354-430,Agustín de Hipona, San,354-430,Augustin,354-430,Pseudo-Augustinus, Aurelius,354-430 |



